|
|
|
|
| LEADER |
00000nab a2200000 a 4500 |
| 001 |
vtls000780506 |
| 003 |
SK-MaSNL |
| 005 |
20260302154344.0 |
| 008 |
140527c2001 xo 0 slo |
| 015 |
|
|
|a SNBRB2002/01-02146
|
| 035 |
|
|
|a CLN000132255
|
| 040 |
|
|
|a SNKBUCL
|b slo
|c SNKBUCL
|e AACR2
|
| 041 |
0 |
|
|a slo
|
| 044 |
|
|
|a xo
|c SK
|
| 080 |
|
|
|a 800(082)=00(048)
|2 1997
|
| 080 |
|
|
|a 801(082)=00(048)
|2 1997
|
| 100 |
1 |
|
|a Mlacek, Jozef,
|d 1937-
|4 aut
|
| 245 |
1 |
0 |
|a Človek a jeho jazyk
|c Jozef Mlacek
|
| 650 |
0 |
7 |
|a jazyk (jazykoveda)
|x zborníky
|x recenzie
|2 snkbucl
|9 22196
|
| 655 |
|
7 |
|a články z novín a časopisov
|2 snkbucl
|9 267496
|
| 773 |
0 |
|
|t RAK
|g Roč. 6, č. 3 (2001), s. 62-63
|x 1335-1702
|
| 787 |
0 |
8 |
|i Rec.:
|a Buzássyová, Klára, 1928-
|t Človek a jeho jazyk. 1, Jazyk ako fenomén kultúry
|d Bratislava : VEDA, 2000
|z 8022406414
|
| 850 |
|
|
|a Slovenská národná knižnica v Martine
|
| 852 |
|
|
|a SNK
|b KIS3GCP
|
| 958 |
|
|
|a RC
|
| 992 |
|
|
|a RBX
|
| 999 |
|
|
|c 1368221
|d 1370151
|